Catalog

Record Details

Catalog Search



What we talk about when we talk about books : the ... Read More

Price, Leah,(author.).

Available copies

  • 2 of 2 copies available at LARL/NWRL Consortium. (Show)
  • 2 of 2 copies available at Lake Agassiz Regional Library.

Current holds

0 current holds with 2 total copies.

Show Only Available Copies
Location Call Number / Copy Notes Barcode Shelving Location Status Due Date
Detroit Lakes Public Library 028 PRI (Text) 33500013124276 Main Available -
Moorhead Public Library 028 PRI (Text) 33500013124268 Main Available -

Record details

  • ISBN: 9780465042685
  • ISBN: 0465042686
  • Physical Description: 214 pages ; 22 cm
  • Edition: First edition.
  • Publisher: New York : Basic Books, 2019.

Content descriptions

Bibliography, etc. Note:
Includes bibliographical references (pages ... Read More
Formatted Contents Note:
Reading over shoulders -- The real life of books ... Read More
Summary, etc.:
In encounters with librarians, booksellers, and ... Read More
Subject: Books and reading.
Books and reading > History.
Books and reading > Technological innovations.
Books > History.
Literature and society.
Books.
Books and reading.
Literature and society.
Genre: History.
LDR 02187cam a22005178i 4500
001327902
003LARL_NWRL_CONSORTIUM
00520190828121151.0
008190326s2019 nyu b 001 0 eng
010 . ‡a 2019004657
040 . ‡aDLC ‡beng ‡erda ‡cDLC ‡dOCLCO ‡dOCLCF ‡dLMJ ‡dUKMGB ‡dSINLB ‡dWIM ‡dOCO
015 . ‡aGBB9B5683 ‡2bnb
0167 . ‡a019452781 ‡2Uk
020 . ‡a9780465042685 ‡q(hardcover)
020 . ‡a0465042686 ‡q(hardcover)
020 . ‡z9781541673908 (ePub ebook)
035 . ‡a(OCoLC)1078894143
042 . ‡apcc
08200. ‡a028 ‡223
1001 . ‡aPrice, Leah, ‡eauthor.
24510. ‡aWhat we talk about when we talk about books : ‡bthe history and future of reading / ‡cLeah Price.
250 . ‡aFirst edition.
264 1. ‡aNew York : ‡bBasic Books, ‡c2019.
300 . ‡a214 pages ; ‡c22 cm
336 . ‡atext ‡btxt ‡2rdacontent
337 . ‡aunmediated ‡bn ‡2rdamedia
338 . ‡avolume ‡bnc ‡2rdacarrier
504 . ‡aIncludes bibliographical references (pages 173-200) and index.
5050 . ‡aReading over shoulders -- The real life of books -- Reading on the move -- Please lay flat -- Prescribed reading -- Bound by books -- End papers.
520 . ‡aIn encounters with librarians, booksellers, and activists who are reinventing old ways of reading, Price offers fresh hope to bibliophiles and literature lovers alike.
650 0. ‡aBooks and reading. ‡0(LARL_NWRL_CONSORTIUM)15264
650 0. ‡aBooks and reading ‡xHistory. ‡0(LARL_NWRL_CONSORTIUM)163742
650 0. ‡aBooks and reading ‡xTechnological innovations.
650 0. ‡aBooks ‡xHistory. ‡0(LARL_NWRL_CONSORTIUM)15260
650 0. ‡aLiterature and society. ‡0(LARL_NWRL_CONSORTIUM)24681
650 7. ‡aBooks. ‡2fast ‡0(LARL_NWRL_CONSORTIUM)15258
650 7. ‡aBooks and reading. ‡2fast ‡0(LARL_NWRL_CONSORTIUM)15264
650 7. ‡aLiterature and society. ‡2fast ‡0(LARL_NWRL_CONSORTIUM)24681
655 7. ‡aHistory. ‡2fast
77608. ‡iOnline version: ‡aPrice, Leah, author. ‡tWhat we talk about when we talk about books ‡bFirst edition. ‡dNew York : Basic Books, 2019 ‡z9781541673908 ‡w(DLC) 2019019847
905 . ‡uvanderl
901 . ‡a327902 ‡b ‡c327902 ‡tbiblio ‡soclc

Additional Resources